000 00498nam a2200193 a 4500
001 1777282226568
003 YourLibrary
005 20260427150503.0
008 260427s2003##################000#0#eng##
020 _a9780262731577
082 0 4 _a378.7444
_bWIL
100 1 _aWilliams, Clarence G.,
_eauthor.
245 1 0 _aTechnology and the Dream :
260 _bMIT Press,
_c2003.
300 _a1060 pages
650 0 _aEducation.
942 _cENGLISH
040 _aYourLibrary
_beng
_cYourLibrary
999 _c620018
_d620018